Online Public Access Catalogue

Current Surgical Diagnosis & Treatment. (Record no. 4793)

MARC details
000 -LEADER
fixed length control field 00403nam a2200145Ia 4500
082 ## - DEWEY DECIMAL CLASSIFICATION NUMBER
Classification number WO 141
Author Mark WAY
100 ## - MAIN ENTRY--PERSONAL NAME
Author Name Way. W. Lawrence.
245 #0 - TITLE STATEMENT
Title Current Surgical Diagnosis & Treatment.
Statement of responsibility, etc. Way. W. Lawrence.
250 ## - EDITION STATEMENT
Edition statement 11th
260 ## - PUBLICATION, DISTRIBUTION, ETC.
Place of publication, distribution, etc. London.
Name of publisher, distributor, etc. Lange Medical Books/McGraw_Hill.
Date of publication, distribution, etc. 2003
300 ## - PHYSICAL DESCRIPTION
No of Pages 1468
650 ## - SUBJECT ADDED ENTRY--TOPICAL TERM
Subject Surgery_Diagnosis.
942 ## - ADDED ENTRY ELEMENTS (KOHA)
Koha item type Books
952 ## - LOCATION AND ITEM INFORMATION (KOHA)
-- 2018-03-16
Holdings
Withdrawn status Lost status Damaged status Not for loan Home library Current library Shelving location Date acquired Total Checkouts Full call number Barcode Date last seen Koha item type
        Islamabad Medical and Dental College Islamabad Medical and Dental College Islamabad Medical and Dental College 16/03/2018   WO 141 6515 16/03/2018 Books

Copyright @ IMDC Library
Islamabad Medical and Dental College
Bhara Kahu, Islamabad

  Contact the Librarian, IMDC
  Email:: library@imdcollege.edu.pk

  OPAC Customized by
  Mazhar Hussain,
  Librarian:
  Islamabad Medical and Dental College
  Email:: library@imdcollege.edu.pk